| 000 | 00331nam a22001337a 4500 | ||
|---|---|---|---|
| 003 | OSt | ||
| 005 | 20250808114810.0 | ||
| 008 | 230919b |||||||| |||| 00| 0 eng d | ||
| 040 | _cCO-JMCR | ||
| 082 | 0 | 4 |
_aH _bLOCm |
| 100 | 1 | 0 |
_aMultiRevistas, _eautor _942919 |
| 245 |
_aLas locuras del emperador / _cMultiRevistas |
||
| 942 |
_2ddc _cBK |
||
| 999 |
_c30257 _d16641 |
||